000 00707nam a2200193Ia 4500
008 151121s9999||||xx |||||||||||||| ||und||
082 _a780/बृहस्प
082 _bHNW-58564
100 _aबहस्पति आचार्य्य
245 _aसंगीत चिंतामणि
260 _b"संगीत कार्यालय, हाथरस,उत्तरप्रदेश"
260 _c--
300 _a449
600 _aबहस्पति आचार्य्य
630 _aसंगीत चिंतामणि
700 _aबहस्पति आचार्य्य
730 _aसंगीत चिंतामणि
942 _cBOOK
999 _c1240375
_d1240372